Countries Iron Maiden has visited - Statistics

General Stats
  • This quiz has been taken 101 times
  • The average score is 48 of 57
Answer Stats
Continent Country % Correct
South America Brazil
99%
North America Canada
99%
North America United States
99%
Oceania Australia
98%
Europe Germany
98%
Europe United Kingdom
98%
South America Argentina
96%
Europe Sweden
96%
Asia China
95%
Europe Finland
95%
Europe Norway
95%
Europe Russia
94%
Europe Italy
93%
Asia Japan
93%
North America Mexico
93%
Europe Austria
92%
Europe Denmark
92%
Europe France
92%
Europe Spain
92%
South America Chile
90%
Europe Belgium
89%
Asia India
89%
South America Uruguay
89%
Europe Poland
88%
Europe Portugal
88%
South America Colombia
87%
Europe Netherlands
87%
South America Peru
87%
Europe Croatia
86%
Europe Greece
86%
Oceania New Zealand
86%
Europe Ireland
85%
Europe Bulgaria
83%
Europe Hungary
82%
South America Paraguay
82%
Europe Czech Republic
81%
Europe Romania
81%
Europe Estonia
80%
Europe Switzerland
80%
Europe Iceland
79%
Europe Slovenia
79%
Asia South Korea
79%
South America Venezuela
77%
Asia Indonesia
75%
Europe Serbia
75%
Europe Slovakia
75%
Europe Turkey
75%
Central America Costa Rica
74%
South America Ecuador
74%
Europe Luxembourg
73%
Africa South Africa
73%
Europe Lithuania
68%
Central America El Salvador
65%
Asia Israel
65%
Europe Malta
64%
Asia Singapore
56%
Asia United Arab Emirates
43%
No matching quizzes found
Score Distribution
Percent of People with Each Score
Percentile by Number Answered
Your Score History
You have not taken this quiz